Library Banner

جدید تر پاکستانی ادب (Record no. 80579)

MARC details
000 -LEADER
fixed length control field 00396nam a22001457a 4500
005 - DATE AND TIME OF LATEST TRANSACTION
control field 20151207092956.0
008 - FIXED-LENGTH DATA ELEMENTS--GENERAL INFORMATION
fixed length control field 151207b xxu||||| |||| 00| 0 eng d
040 ## - CATALOGING SOURCE
Transcribing agency PK-LaUMT
082 ## - DEWEY DECIMAL CLASSIFICATION NUMBER
Classification number MSC 491.439095491
Item number KHA-J
100 ## - MAIN ENTRY--PERSONAL NAME
Personal name خالد احمد
245 ## - TITLE STATEMENT
Title جدید تر پاکستانی ادب
Statement of responsibility, etc خالد احمد
260 ## - PUBLICATION, DISTRIBUTION, ETC. (IMPRINT)
Place of publication, distribution, etc لاہور
Name of publisher, distributor, etc بیاض
Date of publication, distribution, etc 1998
300 ## - PHYSICAL DESCRIPTION
Extent 112 ص
942 ## - ADDED ENTRY ELEMENTS (KOHA)
Koha item type Books
Holdings
Withdrawn status Lost status Damaged status Home library Current library Date acquired Full call number Barcode Date last seen Price effective from Koha item type
      UMT Main Campus UMT Main Campus 2015-12-07 MSC 491.439095491 KHA-J 95520 2015-12-07 2015-12-07 Books